Catálogo de la Biblioteca Horacio González - Universidad Nacional de General Sarmiento

Hotel Transylvania (Registro nro. 53916)

Detalles MARC
000 -CABECERA
campo de control de longitud fija 01843ngm a22003370a 4500
001 - NÚMERO DE CONTROL
campo de control PT47154
003 - IDENTIFICADOR DEL NÚMERO DE CONTROL
campo de control AR-LpoUNG
005 - FECHA Y HORA DE LA ÚLTIMA TRANSACCIÓN
campo de control 20210202000004.0
007 - CAMPO FIJO DE DESCRIPCIÓN FÍSICA--INFORMACIÓN GENERAL
campo de control de longitud fija vd cvaizq
008 - DATOS DE LONGITUD FIJA--INFORMACIÓN GENERAL
campo de control de longitud fija 191001s2012||||ag |||||||||||||||||spa d
037 ## - FUENTE DE ADQUISICIÓN
Condiciones de disponibilidad $10
040 ## - FUENTE DE LA CATALOGACIÓN
Centro catalogador/agencia de origen AR-LpoUNG
Lengua de catalogación spa
Centro/agencia transcriptor AR-LpoUNG
Normas de descripción aacr
041 ## - CÓDIGO DE LENGUA
Código de lengua del texto/banda sonora o título independiente spa
-- eng
044 ## - CÓDIGO DEL PAÍS DE LA ENTIDAD EDITORA/PRODUCTORA
Código MARC del país ag
082 0# - NÚMERO DE LA CLASIFICACIÓN DECIMAL DEWEY
Número de clasificación 808.068 726hot
100 1# - ENTRADA PRINCIPAL--NOMBRE DE PERSONA
Nombre de persona Tartakovsky, Genndy
Término indicativo de función/relación dir.
245 10 - MENCIÓN DE TÍTULO
Título Hotel Transylvania
260 ## - PUBLICACIÓN, DISTRIBUCIÓN, ETC.
Lugar de publicación, distribución, etc. Buenos Aires :
Nombre del editor, distribuidor, etc. Sony Pictures Animation,
Fecha de publicación, distribución, etc. 2012.
300 ## - DESCRIPCIÓN FÍSICA
Extensión DVD (91 min.) : son., col.
505 0# - NOTA DE CONTENIDO CON FORMATO
Nota de contenido con formato Subtitulada en español, inglés e inglés SDH. Incluye material extra: "Adiós Sr. Pie", mini-película dirigida y animada por Genndy Tartakovsky; documental y video musical de "Problem Monster Remix", de Becky G.; escenas eliminadas; comentario de los realizadores y enlace del DVD-Rom a juegos divertidos. Reparto: Adam Sandler, Andy Samberg, Selena Gomez, Kevin James, Fran Drescher, Steve Buscemi, Molly Shannon, David Spade, Cee-Lo, Jon Lovitz.
520 ## - SUMARIO, ETC.
Sumario, etc. Bienvenido al Hotel Transylvania, el lujoso destino vacacional de cinco estacas de Drácula, donde los monstruos y sus familias pueden gozar de la vida y los humanos tienen prohibida la entrada. En un fin de semana especial, Drácula ha invitado a todos sus mejores amigos -Frankenstein y su esposa, la Momia, el Hombre Invisible, la familia del Hombre Lobo, y más- para celebrar el 118§ cumpleaños de su adorada hija. Para Drácula, atender a todos estos legendarios monstruos no es problema, pero la fiesta comienza cuando un tipo ordinario llega al hotel por accidente y cambia todo.
653 ## - TÉRMINO DE INDIZACIÓN--NO CONTROLADO
Término no controlado ANIMACION
653 ## - TÉRMINO DE INDIZACIÓN--NO CONTROLADO
Término no controlado COMEDIA
653 ## - TÉRMINO DE INDIZACIÓN--NO CONTROLADO
Término no controlado DVD
653 ## - TÉRMINO DE INDIZACIÓN--NO CONTROLADO
Término no controlado TERROR
653 ## - TÉRMINO DE INDIZACIÓN--NO CONTROLADO
Término no controlado VIDEOS
653 ## - TÉRMINO DE INDIZACIÓN--NO CONTROLADO
Término no controlado VIDEOS INFANTILES
710 2# - PUNTO DE ACCESO ADICIONAL--NOMBRE DE ENTIDAD CORPORATIVA
Nombre de entidad corporativa o nombre de jurisdicción como elemento de entrada Columbia Pictures (California)
905 ## - ELEMENTOS DE DATOS E LOCAL, LDE (RLIN)
a 47154
942 ## - ELEMENTOS DE PUNTO DE ACCESO ADICIONAL (KOHA)
Tipo de ítem Koha DVD
Existencias
Estado de retiro Estado de pérdida Estado dañado No para préstamo Código de colección Localización permanente Ubicación/localización actual Fecha de adquisición Total de préstamos Signatura topográfica completa Código de barras Fecha visto por última vez Precio válido a partir de Tipo de ítem Koha
        Colección Cine Biblioteca Universidad Nacional de General Sarmiento Biblioteca Universidad Nacional de General Sarmiento 02/02/2021   808.068 726hot 00054529 02/02/2021 02/02/2021 DVD
        Colección Cine Biblioteca Universidad Nacional de General Sarmiento Biblioteca Universidad Nacional de General Sarmiento 02/02/2021   808.068 726hot 00054530 02/02/2021 02/02/2021 DVD
        Colección Cine Biblioteca Universidad Nacional de General Sarmiento Biblioteca Universidad Nacional de General Sarmiento 02/02/2021   808.068 726hot 00054531 02/02/2021 02/02/2021 DVD